00238nam a2200085Ia 4500008004100000082002000041100002000061245005100081300002000132230907s9999||||xx |||||||||||||| ||und|| a332.091767bALR aAlrifai, Tariq. 0aIslamic finance and the new financial system : axi, 235 pages ;